00695nam a2200217 a 45000010005000000030008000050050017000130080041000300350018000710400021000890410008001100820024001181000030001422450070001722600044002423000071002865040020003575040030003776000055004076500015004624515BD-RjUL20211208233914.0131222s1978 ii afj b 001 0 eng  a(BD-RjUL)4550 aLCbengcLCdABS aeng04a330.1219bMIE 19781 aMisra, Om Prakash,d1939-04aThe economic philosophy of Pt. Jawaharlal Nehru /cby O.P. Misra. aAllahabad :bChugh Publications,c1978. axii, 218 p., [5] leaves of plates :bill., geneal. table ;c22 cm. aIncludes index. aBibliography: p. 200-214.10aNehru, Jawaharlal,d1889-1964xViews on economics. 0aEconomics.